Návrh vibračného zásobníka vo firme Bizzcom s.r.o. Bučany
Salvato in:
| Autore principale: | |
|---|---|
| Altri autori: | |
| Natura: | Manoscritto Libro |
| Lingua: | slovacco |
| Pubblicazione: |
2022
|
| Soggetti: | |
| Accesso online: | http://is.stuba.sk/zp/portal_zp.pl?podrobnosti=170003 |
| Tags: |
Nessun Tag, puoi essere il primo ad aggiungerne!!
|
MARC
| LEADER | 00000ntm a22000003a 4500 | ||
|---|---|---|---|
| 001 | stuzp89522 | ||
| 003 | SK-STU | ||
| 005 | 20220611212507.5 | ||
| 007 | ta | ||
| 008 | 150427s2015----xo-----f-mn---000-0-slo-d | ||
| 040 | |a STU |b slo | ||
| 041 | 0 | |a slo | |
| 100 | 1 | |a Poláčik, Martin |u 063000 |k Z4 |4 aut |U MTF Materiálovotechnologická fakulta |T MTF Ústav výrobných technológií |X 91536 |U M3000 |Y 83 |7 91536 | |
| 242 | 0 | 1 | |a Design of vibration bowl feeder in a company Bizzcom s.r.o. Bučany |y eng |
| 245 | 1 | 0 | |a Návrh vibračného zásobníka vo firme Bizzcom s.r.o. Bučany |
| 260 | |c 2022 | ||
| 650 | 4 | |a orientácia |2 slo | |
| 650 | 4 | |a materiálový tok |2 slo | |
| 650 | 4 | |a násypka |2 slo | |
| 650 | 4 | |a zásobník |2 slo | |
| 650 | 4 | |a orientation |2 eng | |
| 650 | 4 | |a material flow |2 eng | |
| 650 | 4 | |a bowl |2 eng | |
| 650 | 4 | |a vibration bowl feeder |2 eng | |
| 700 | 1 | |a Matúšová, Miriam |u 063800 |k Z1 |4 ths |U MTF Ústav výrobných technológií |T MTF Katedra výrobných zariadení a systémov |X 4309 |U M3800 |Y 660 |7 A000004309 | |
| 856 | 4 | |u http://is.stuba.sk/zp/portal_zp.pl?podrobnosti=170003 | |
| 996 | |c M* DP-15006 |l MMSKP |s P |a 0 |w stuzp89522_0001 | ||